| 000 | 02490cam a22005534i 4500 | ||
|---|---|---|---|
| 003 | PE-LiUPU | ||
| 005 | 20250731172708.0 | ||
| 008 | 150617s r 000 0 d | ||
| 035 | _a(Sirsi) a10391 | ||
| 040 |
_aPE-LiUPU _bspa _cPE-LiUPU _erda |
||
| 049 | _aPRUA | ||
| 082 | 0 | 4 |
_a232.2 _bV28 _221 |
| 100 | 1 |
_aVandeman, George E., _eautor. |
|
| 245 | 1 | 0 |
_aPlanet in rebellion / _cGeorge E. Vandeman. |
| 264 | 1 |
_aTennessee : _bSouthern Publishing Association, _c1960. |
|
| 300 |
_a448 páginas ; _c18 cm. |
||
| 336 |
_atext _2rdacontent |
||
| 337 |
_aunmediated _2rdamedia |
||
| 338 |
_avolume _2rdacarrier |
||
| 505 | 0 | _aPlanet in rebelion -- Race in the balance -- Vindicating the book -- Skywriting -- Soul in conflict -- Personally fit -- A metter a loyalty -- Meet these issues -- Outcome -- Freedom on trial -- Days of decision. | |
| 526 | _aSEG42 | ||
| 526 | _aSEG41 | ||
| 526 | _aSEG40 | ||
| 526 | _aSEG39 | ||
| 526 | _aP94 | ||
| 526 | _aP87 | ||
| 526 | _aP86 | ||
| 526 | _aP85 | ||
| 526 | _aP77 | ||
| 526 | _aP76 | ||
| 526 | _aP35 | ||
| 650 | 0 | 4 |
_aESCATOLOGIA. _95923 |
| 910 |
_ajck _bjvq _cjck _d20150616 |
||
| 942 |
_2ddc _cBOOK |
||
| 949 |
_a232.2 V28 _wDEWEY _c1 _i33691 _lCCODEBUL1 _mBUL _p00.00 _r0 _sY _tBOOK _u19930415 _xTEOLOGIA _PP35 _0COMPRA _o.STAFF. Colección General |
||
| 949 |
_a232.2 V28 _wDEWEY _c2 _i10776 _lCCODEBUL1 _mBUL _p00.00 _r0 _sY _tBOOK _u19930415 _xTEOLOGIA _PP35 _0COMPRA _o.STAFF. Colección General |
||
| 949 |
_a232.2 V28 _wDEWEY _c3 _i14669 _lCCODEBUL1 _mBUL _p00.00 _r0 _sY _tBOOK _u19930415 _xTEOLOGIA _PP35 _0COMPRA _o.STAFF. Colección General |
||
| 949 |
_a232.2 V28 _wDEWEY _c4 _i06357 _lCCODEBUL1 _mBUL _p00.00 _r0 _sY _tBOOK _u19930415 _xTEOLOGIA _PP35 _0COMPRA _o.STAFF. Colección General |
||
| 994 |
_aC0 _bPEPRU |
||
| 596 | _a1 | ||
| 999 |
_a232.2 V28 _wDEWEY _c433 _i33691 _f2021-11-10 _g5 _lCCODEBUL1 _mBUL _r0 _sY _tBOOK _u2015-6-17 _xTEOLOGIA _PP35 _0COMPRA _o.STAFF. Colección General _d433 |
||
| 999 |
_a232.2 V28 _wDEWEY _c2 _i10776 _f2021-11-10 _g5 _lCCODEBUL1 _mBUL _r0 _sY _tBOOK _u2015-6-17 _xTEOLOGIA _PP35 _0COMPRA _o.STAFF. Colección General |
||
| 999 |
_a232.2 V28 _wDEWEY _c3 _i14669 _f2021-11-10 _g5 _lCCODEBUL1 _mBUL _r0 _sY _tBOOK _u2015-6-17 _xTEOLOGIA _PP35 _0COMPRA _o.STAFF. Colección General |
||
| 999 |
_a232.2 V28 _wDEWEY _c4 _i06357 _f2021-11-10 _g5 _lCCODEBUL1 _mBUL _r0 _sY _tBOOK _u2015-6-17 _xTEOLOGIA _PP35 _0COMPRA _o.STAFF. Colección General |
||
| 980 |
_81 _gALBERTO SANCHEZ Responsable de Automatización |
||